000 00450nam a2200181Ia 4500
003 LK-CoDNM
005 20240807152513.0
008 010623t1800 xxu||||| |||| 00| 1 eng d
040 _aLK-CoDNM
_dLK-CoDNM
_eLK-CoDNM
041 _aeng
080 _a16
_bU13
100 _aBartolomeo,F.P.D.S.
245 _aVoyage to the east Indies
260 _bLondon
_c1800
300 _bviii, 478p. ; 19 cm
700 _aJohnston,William.
_eed.
942 _cBK
999 _c80891
_d80891